Adobe Premiere Pro CC 2018 release / (Record no. 4093)

000 -LEADER
fixed length control field 01392cam a22004217i 4500
001 - CONTROL NUMBER
control field 20486546
003 - CONTROL NUMBER IDENTIFIER
control field OSt
005 - DATE AND TIME OF LATEST TRANSACTION
control field 20190412102514.0
007 - PHYSICAL DESCRIPTION FIXED FIELD--GENERAL INFORMATION
fixed length control field vd cvaizs
008 - FIXED-LENGTH DATA ELEMENTS--GENERAL INFORMATION
fixed length control field 180507s2018 caua 001 0 eng d
010 ## - LIBRARY OF CONGRESS CONTROL NUMBER
LC control number 2018285231
020 ## - INTERNATIONAL STANDARD BOOK NUMBER
International Standard Book Number 0134853237
020 ## - INTERNATIONAL STANDARD BOOK NUMBER
International Standard Book Number 9780134853239
035 ## - SYSTEM CONTROL NUMBER
System control number (OCoLC)on1008874588
040 ## - CATALOGING SOURCE
Original cataloging agency YDX
Language of cataloging eng
Description conventions rda
Transcribing agency YDX
Modifying agency LTSCA
-- OCLCF
-- OQX
-- DLC
042 ## - AUTHENTICATION CODE
Authentication code lccopycat
050 00 - LIBRARY OF CONGRESS CALL NUMBER
Classification number TR899.J343 2018
082 04 - DEWEY DECIMAL CLASSIFICATION NUMBER
Classification number 777/.55
Edition number 23
100 1# - MAIN ENTRY--PERSONAL NAME
Personal name Jago, Maxim,
Relator term author.
245 10 - TITLE STATEMENT
Title Adobe Premiere Pro CC 2018 release /
Statement of responsibility, etc Maxim Jago.
246 3# - VARYING FORM OF TITLE
Title proper/short title Premiere Pro CC 2018 release
246 3# - VARYING FORM OF TITLE
Title proper/short title Adobe Premiere Pro Creative Cloud 2018 release
260 ## - PUBLICATION, DISTRIBUTION, ETC. (IMPRINT)
Place of publication, distribution, etc USA
Name of publisher, distributor, etc Adobe
Date of publication, distribution, etc 2018
300 ## - PHYSICAL DESCRIPTION
Extent xvii, 463 pages :
Other physical details color illustrations ;
Dimensions 24 cm +
Accompanying material 1 computer disc (digital, optical ; 4 3/4 in.).
490 1# - SERIES STATEMENT
Series statement Classroom in a book
500 ## - GENERAL NOTE
General note "The official training workbook from Adobe."
500 ## - GENERAL NOTE
General note Includes index.
630 00 - SUBJECT ADDED ENTRY--UNIFORM TITLE
Uniform title Adobe Premiere.
630 07 - SUBJECT ADDED ENTRY--UNIFORM TITLE
Uniform title Adobe Premiere.
Source of heading or term fast
650 #0 - SUBJECT ADDED ENTRY--TOPICAL TERM
Topical term or geographic name as entry element Digital video
General subdivision Editing.
650 #0 - SUBJECT ADDED ENTRY--TOPICAL TERM
Topical term or geographic name as entry element Motion pictures
General subdivision Editing.
650 #7 - SUBJECT ADDED ENTRY--TOPICAL TERM
Topical term or geographic name as entry element Digital video
General subdivision Editing.
Source of heading or term fast
650 #7 - SUBJECT ADDED ENTRY--TOPICAL TERM
Topical term or geographic name as entry element Motion pictures
General subdivision Editing.
Source of heading or term fast
830 #0 - SERIES ADDED ENTRY--UNIFORM TITLE
Uniform title Classroom in a book.
906 ## - LOCAL DATA ELEMENT F, LDF (RLIN)
a 7
b cbc
c copycat
d 2
e ncip
f 20
g y-gencatlg
942 ## - ADDED ENTRY ELEMENTS (KOHA)
Source of classification or shelving scheme
Koha item type Book
Holdings
Withdrawn status Lost status Source of classification or shelving scheme Damaged status Not for loan Home library Current library Shelving location Date acquired Total Checkouts Full call number Barcode Date last seen Date checked out Copy number Price effective from Koha item type
          Riara University Library Riara University Library General stack 12/04/2019 2 TR899.J343 2018 10183/19 22/05/2023 09/12/2021 C.1 12/04/2019 Book
          Riara University Library Riara University Library General stack 12/04/2019   TR899.J343 2018 10184/19 12/04/2019   C.2 12/04/2019 Book

Riara University Library,
P.O. Box 49940-00100,
Nairobi, Kenya.